000 00592nam a2200205 i 4500
001 19947
003 ES-MaACL
005 20230906152210.0
007 t|
008 020715s2001 sp ||||0| spa j
020 _a84-01-32891-8
040 _aM-BN
_bspa
_cM-BN
080 _a821.134.2-31"19"
100 1 _aGibson, Ian,
_d1939-
_956666
245 1 0 _aViento del sur
_b: memorias apócrifas de un inglés salvado por España /
_cIan Gibson.
250 _a1ª ed.
260 _aBarcelona :
_bPlaza & Janés,
_c2001.
300 _a260 p ;
_c24 cm.
852 _aES-MaACL
_jL-25955
_bR.131280
999 _c19947
_d19947